Vista normal
Vista MARC
Entrada Término de materia
Número de registros utilizados en: 19
001 - NÚMERO DE CONTROL
- Campo de control: 30810
003 - IDENTIFICADOR DE NÚMERO DE CONTROL
- Campo de control: ES-MaCES
005 - FECHA Y HORA DE LA ULTIMA MODIFICACION
- Campo de control: 20031217181400.0
008 - ELEMENTOS DE DATOS DE LONGITUD FIJA
- Campo de longitud fija: 981123 | azznnbabn || ana d
035 ## - NÚMERO DE CONTROL DEL SISTEMA
- Número de control del sistema: CES19980050274s
040 ## - FUENTE DE LA CATALOGACIÓN
- Agencia original de catalogación: ES-MaCES
- Idioma de catalogación: spa
- Agencia de transcripción: ES-MaCES
150 ## - ENCABEZAMIENTO--MATERIA
- Término de materia o geográfico como elemento de entrada: Acta Única Europea
450 ## - TRAZADO VEÁSE--MATERIA
- Término de materia o nombre geográfico como elemento de entrada: Tratado Europeo Unico
550 ## - TRAZADO VEÁSE ADEMÁS--MATERIA
- Término de materia o nombre geográfica como elemento de entrada: Mercado Unico Europeo
550 ## - TRAZADO VEÁSE ADEMÁS--MATERIA
- Término de materia o nombre geográfica como elemento de entrada: Tratado CE
550 ## - TRAZADO VEÁSE ADEMÁS--MATERIA
- Término de materia o nombre geográfica como elemento de entrada: UE
550 ## - TRAZADO VEÁSE ADEMÁS--MATERIA
- Subcampo de control: g
- Término de materia o nombre geográfica como elemento de entrada: derecho comunitario
670 ## - FUENTE DE DATOS ENCONTRADOS
- Fuente de citación: Eurovoc
901 ## - CES. DATOS SIRTEX
- ID Sirtex (N5N8): 0007700005027
- 005BIS Sirtex: 199811231207MIG

